000 00675nam a2200289Ia 4500
005 20260324120710.0
008 008 260324s9999 xx 000 0 eng d
020 _a9780203077382
037 _aEBOOK
040 _aCRL
040 _beng
040 _cCRL
041 _2eng
041 _aeng
084 _qCRL
100 _aMarcin Solarz
_91159613
245 4 _aThe Language of Global Development
245 2 _bA Misleading Geography
260 _bTaylor and Francis
260 _c2014
365 _a
365 _b220
856 _uhttp://www.taylorfrancis.com/books/9780203077382
942 _cEBOOK
999 _c1751282
_d1751282